书目信息 |
| 书名: | Change and continuity in the 1996 and 1998 elections | |
| 作者: | Paul R. Abramson, John H. Aldrich, David W. Rohde. | |
| 分册号: | ||
| 分册名: | 出版地: | Washington, D.C. : |
|
| 出版社: | CQ Press | |
| 出版时间: | c1999. | |
| 页数: | xiv, 370 p. : | |
| 开本: | 23 cm. | |
| 丛书名: | ||
| 中图分类号: | ||
| 科图分类号: | ||
| 其他分类号: | D771.224 | |
| 主题词: | ||
| 电子资源: | ||
| 000 | 01049cam a22003014a 450 | |
| 001 | E0732870156 | |
| 005 | 20070423101230.76 | |
| 008 | 990129s1999 dcua b 001 0 eng | |
| 010 | @a99018220 | |
| 020 | @a1568024746. | |
| 035 | @A(DLC) 99018220 | |
| 040 | @aDLC@cDLC@dDLC | |
| 042 | @apcc | |
| 043 | @an-us--- | |
| 090 | @aD771.224 | |
| 099 | @dD771.224@ex52 | |
| 100 | 1 | @aAbramson, Paul R. |
| 245 | 10 | @aChange and continuity in the 1996 and 1998 elections / @cPaul R. Abramson, John H. Aldrich, David W. Rohde. |
| 260 | @aWashington, D.C. :@bCQ Press,@cc1999. | |
| 300 | @axiv, 370 p. :@bill. ;@c23 cm. | |
| 504 | @aIncludes bibliographical references (p. 345-357) and index. | |
| 610 | 10 | @aUnited States.@bCongress@xElections, 1998. |
| 610 | 10 | @aUnited States.@bCongress@xElections, 1996. |
| 650 | 0 | @aPresidents@zUnited States@xElection@y1996. |
| 650 | 0 | @aElections@zUnited States. |
| 651 | 0 | @aUnited States@xPolitics and government@y1993-2001. |
| 700 | 1 | @aRohde, David W. |
| 700 | 1 | @aAldrich, John Herbert,@d1947- |
| Change and continuity in the 1996 and 1998 elections / / Paul R. Abramson, John H. Aldrich, David W. Rohde.-Washington, D.C. : : CQ Press, , c1999. |
| xiv, 370 p. : : ill. ; ; 23 cm. |
| Includes bibliographical references (p. 345-357) and index. |
| ISBN 1568024746. |
| ● |
| 相关链接 |
|
|
|
|
正题名:Change and continuity in the 1996 and 1998 elections
索取号:D771.224/x52
 
预约/预借
| 序号 | 登录号 | 条形码 | 馆藏地/架位号 | 状态 | 备注 |
| 1 | 4664 | 300046643 | 第二样本阅览室/ [索取号:D771.224/x52] | 在馆 | |
| 2 | 4665 | 300046652 | 第四借阅区/ [索取号:D771.224/x52] | 在馆 | |
| 3 | 4666 | 300046661 | 第四借阅区/ [索取号:D771.224/x52] | 在馆 |